Central Library OPAC University of Rajshahi

Principles of applied geophysics / (Record no. 10822)

MARC details
000 -LEADER
fixed length control field 00862nam a2200277 a 4500
001 - CONTROL NUMBER
control field 10822
003 - CONTROL NUMBER IDENTIFIER
rucl marc code BD-RjUL
005 - DATE AND TIME OF LATEST TRANSACTION
control field 20211208235025.0
008 - FIXED-LENGTH DATA ELEMENTS--GENERAL INFORMATION
fixed length control field 140125r19771972enkab b 001 0 eng d
020 ## - INTERNATIONAL STANDARD BOOK NUMBER
International Standard Book Number 0412109808
035 ## - SYSTEM CONTROL NUMBER
System control number (BD-RjUL)10871
040 ## - CATALOGING SOURCE
Original cataloging agency LC
Language of cataloging eng
Transcribing agency LC
Modifying agency ANL
-- BD-RjUL
041 ## - LANGUAGE CODE
Language code of text/sound track or separate title eng
082 04 - DEWEY DECIMAL CLASSIFICATION NUMBER
Classification number 551
Author mark and year PAP 1977
100 1# - MAIN ENTRY--PERSONAL NAME
Personal name Parasnis, D. S.
9 (RLIN) 33459
245 10 - TITLE STATEMENT
Title Principles of applied geophysics /
Statement of responsibility, etc. by D.S. Parasnis.
250 ## - EDITION STATEMENT
Edition statement 2nd ed.
260 ## - PUBLICATION, DISTRIBUTION, ETC. (IMPRINT)
Place of publication, distribution, etc. London :
Name of publisher, distributor, etc. Chapman and Hall,
Date of publication, distribution, etc. c1972 [Reprinted 1977]
300 ## - PHYSICAL DESCRIPTION
Pagination ix, 214 p. :
Illustrations ill., maps ;
Size 21 cm.
500 ## - GENERAL NOTE
General note Distributed in the USA by Barnes and Noble.
504 ## - BIBLIOGRAPHY, ETC. NOTE
Bibliography, etc Includes bibliographical references (p. 204-211) and index.
650 #0 - SUBJECT ADDED ENTRY--TOPICAL TERM
Topical term or geographic name as entry element Prospecting
General subdivision Geophysical methods.
9 (RLIN) 33460
Topical term or geographic name as entry element Geophysics.
9 (RLIN) 33461
942 ## - ADDED ENTRY ELEMENTS (KOHA)
Source of classification or shelving scheme Dewey Decimal Classification
Koha item type Books
Holdings
Lost status Source of classification or shelving scheme Damaged status Not for loan Collection code Permanent Location Current Location Shelving location Date acquired Source of acquisition Cost, normal purchase price Total Checkouts Full call number Date last seen Copy number Koha item type Date checked out
  Dewey Decimal Classification     Non-fiction Central Library, University of Rajshahi Central Library, University of Rajshahi   06/07/1978 W. Heffer and sons. 4.35   551 PAP 1977 25/01/2014 C-2 Books  
  Dewey Decimal Classification     Non-fiction Central Library, University of Rajshahi Central Library, University of Rajshahi   30/11/1978 London : Heffers 4.35   551 PAP 1977 22/11/2016 C-3 Books  
  Dewey Decimal Classification   Not For Loan Non-fiction Central Library, University of Rajshahi Central Library, University of Rajshahi Reading Room 03/01/1980 Heffers 4.35   551 PAP 1977 16/05/2017 C-1 Books  
  Dewey Decimal Classification     Non-fiction Central Library, University of Rajshahi Central Library, University of Rajshahi   03/01/1980 Heffers 4.35   551 PAP 1977 16/05/2017 C-4 Books  
  Dewey Decimal Classification     Non-fiction Central Library, University of Rajshahi Central Library, University of Rajshahi   03/01/1980 Heffers 4.35 1 551 PAP 1977 22/04/2018 C-5 Books 18/04/2018
  Dewey Decimal Classification     Non-fiction Central Library, University of Rajshahi Central Library, University of Rajshahi   03/01/1980 Heffers 4.35   551 PAP 1977 29/03/2018 C-6 Books